Birds, beasts, men, and nature: tales from the Mahabharata

Saved in:  
Bibliographic Details
Main Author: Sharma, Kavita A. 1950- (Author)
Format: Print Book
Language:English
Subito Delivery Service: Order now.
Check availability: HBZ Gateway
Interlibrary Loan:Interlibrary Loan for the Fachinformationsdienste (Specialized Information Services in Germany)
Published: New Delhi TransEdit Communications 2008
In:Year: 2008
Further subjects:B Legends, Hindu
B Human-animal relationships Fiction
B Mahābhārata Paraphrases, English

MARC

LEADER 00000cam a22000008c 4500
001 1379276004
003 DE-627
005 20251225184335.0
007 tu
008 090731s2008 ii ||||| 00| ||eng c
035 |a (DE-627)1379276004 
035 |a (DE-576)309276004 
035 |a (DE-599)BSZ309276004 
035 |a (IiNdDKA)194205-PBK 
040 |a DE-627  |b ger  |c DE-627  |e rakwb 
041 |a eng 
044 |c XB-IN 
082 0 |a 294.5923 
084 |a 6,24  |2 ssgn 
100 1 |0 (DE-588)130858641  |0 (DE-627)506776654  |0 (DE-576)16305407X  |4 aut  |a Sharma, Kavita A.  |d 1950- 
109 |a Sharma, Kavita A. 1950- 
191 |a 1 
245 1 0 |a Birds, beasts, men, and nature  |b tales from the Mahabharata  |c Kavita A. Sharma 
264 1 |a New Delhi  |b TransEdit Communications  |c 2008 
300 |a xiv, 256 p  |b ill  |c 22 cm 
336 |a Text  |b txt  |2 rdacontent 
337 |a ohne Hilfsmittel zu benutzen  |b n  |2 rdamedia 
338 |a Band  |b nc  |2 rdacarrier 
500 |a Includes index. - Includes bibliographical references (p. [248]-250) 
630 0 0 |a Mahābhārata  |x Paraphrases, English 
650 0 |a Legends, Hindu 
650 0 |a Human-animal relationships  |x Fiction 
935 |a mteo 
951 |a BO 
ELC |b 1 
LOK |0 000 xxxxxcx a22 zn 4500 
LOK |0 001 491961411X 
LOK |0 003 DE-627 
LOK |0 004 1379276004 
LOK |0 005 20260220165243 
LOK |0 008 260218||||||||||||||||ger||||||| 
LOK |0 040   |a DE-Tue135  |c DE-627  |d DE-Tue135 
LOK |0 092   |o n 
LOK |0 852   |a DE-Tue135 
LOK |0 852 1  |9 00 
LOK |0 935   |a ixma 
LOK |0 939   |a 18-02-26  |b l01 
ORI |a TA-MARC-ixtheoa001.raw 
REL |a 1 
SUB |a REL 
SYD 0 0 |a Mahabharata,Mahâbhârata